Testimony of two men
Sábháilte in:
| Príomhchruthaitheoir: | |
|---|---|
| Formáid: | LEABHAR |
| Teanga: | Undetermined |
| Foilsithe / Cruthaithe: |
New York, Estados Unidos
Doubleday
1968
|
| Ábhair: | |
| Clibeanna: |
Cuir clib leis
Níl clibeanna ann, Bí ar an gcéad duine le clib a chur leis an taifead seo!
|
MARC
| LEADER | 00000nam a2200000Ia 4500 | ||
|---|---|---|---|
| 008 | 170316s9999 xx 000 0 und d | ||
| 090 | |a F-810 C-4t | ||
| 100 | |a Caldwell, Taylor | ||
| 245 | |a Testimony of two men | ||
| 260 | |a New York, Estados Unidos | ||
| 260 | |b Doubleday | ||
| 260 | |c 1968 | ||
| 300 | |a 600 páginas | ||
| 650 | |a LITERATURA ESTADOUNIDENSE | ||
| 999 | |c 28754 |d 28754 | ||
| 040 | |a cru BVZT | ||
| 942 | |c 15 D |h F-810 C-4t |2 z | ||
